Don Alonso de Ercilla y Zúñiga / (Record no. 59937)

MARC details
000 -LEADER
campo de control de longitud fija 00490nam a2200169 i 4500
001 - NÚMERO DE CONTROL
campo de control 59937
003 - IDENTIFICADOR DE NÚMERO DE CONTROL
campo de control ES-MaACL
005 - FECHA Y HORA DE LA ÚLTIMA TRANSACCIÓN
campo de control 20230906164126.0
007 - CAMPO FIJO DE DESCRIPCIÓN FÍSICA--INFORMACIÓN GENERAL
campo de control de longitud fija t|
008 - DATOS DE LONGITUD FIJA--INFORMACIÓN GENERAL
campo de control de longitud fija 031031s1971 cl ||||1| spa d
245 00 - MENCIÓN DEL TÍTULO
Título Don Alonso de Ercilla y Zúñiga /
Mención de responsabilidad, etc. Pablo Neruda...[et al.].
260 ## - PUBLICACIÓN, DISTRIBUCIÓN, ETC.
Lugar de publicación, distribución, etc. Santiago de Chile :
Nombre del editor, distribuidor, etc. Pomaire,
Fecha de publicación, distribución, etc. [1971]
300 ## - DESCRIPCIÓN FÍSICA
Extensión 174 p. ;
Dimensiones 20 cm.
700 1# - ENTRADA AGREGADA--NOMBRE PERSONAL
Nombre de persona Neruda, Pablo,
Fechas asociadas al nombre 1904-1973
9 (RLIN) 85398
852 ## - LOCALIZACIÓN
Ubicación ES-MaACL
Número de control de estantería C-45840
Sublocalización o colección R.78699
Holdings
Estatus retirado Estado de pérdida Estado de daño No para préstamo Biblioteca de origen Biblioteca actual Ubicación en estantería Fecha de adquisición Fuente de adquisición Total de préstamos Signatura topográfica completa Código de barras Visto por última vez Precio de reemplazo Tipo de ítem Koha
        Biblioteca del Ateneo de Madrid Biblioteca del Ateneo de Madrid Depósito 2 17/01/2008     C-45840 1062860 23/02/2023 23/02/2023 Libro impreso